Rational solutions of the Graphsack problem

Gespeichert in:
Bibliographische Detailangaben
1. Verfasser: Tinhofer, G.
Format: Buch
Sprache:Englisch
Veröffentlicht: München Institut für Mathematik der Technischen Universität b.r.
Tags: Tag hinzufügen
Keine Tags, Fügen Sie das erste Tag hinzu!

MARC

LEADER 00000nam a2200000 4500
001 c113749
005 20221207070526.3
041 0 |a eng 
044 |a DE 
245 1 0 |a Rational solutions of the Graphsack problem  |c G. Tinhofer 
264 1 |a München  |b Institut für Mathematik der Technischen Universität  |c b.r. 
300 |a 15 s. 
100 1 |a Tinhofer, G.